[Event "Let's Play Chess!"]
[Site "http://www.queenalice.com/game.php?id=1171448"]
[Date "2013.4.14"]
[Round "-"]
[White "Japy104"]
[Black "sasosaso"]
[Result "0-1"]
[WhiteElo "1941"]
[BlackElo "2026"]

1. d4 Nf6 2. c4 e6 3. Nc3 Bb4 4. Qc2 O-O 5. Nf3 b6 6. Bg5 h6 7. Bxf6 Qxf6 8. e3
Bb7 9. Be2 c5 10. O-O cxd4 11. exd4 Nc6 12. Rad1 Rad8 13. d5 Ne5 14. Nxe5 Qxe5
15. f4 Qf6 16. Ne4 Qg6 17. Bd3 f5 18. Ng3 h5 19. Kh1 h4 20. Ne2 h3 21. Ng3 exd5
22. Bxf5 hxg2+ 23. Qxg2 Rxf5 24. Nxf5 Qxf5 25. a3 Bc5 26. b4 Be3 27. cxd5 Rc8
28. Qg5 Qe4+ 29. Qg2 Qc4 30. f5 Bd4 0-1

[Event "Challenge"]
[Site "http://www.queenalice.com/game.php?id=1172145"]
[Date "2013.4.16"]
[Round "-"]
[White "Leofelix"]
[Black "sasosaso"]
[Result "0-1"]
[WhiteElo "1764"]
[BlackElo "2101"]

1. e4 c5 2. Nf3 d6 3. h3 Nf6 4. Nc3 Nc6 5. Nd5 Nxd5 6. exd5 Nd4 7. c3 Nxf3+ 8.
Qxf3 Qb6 9. Be2 g6 10. Bc4 Bh6 11. O-O O-O 12. b3 Bg7 13. Bb2 e5 14. Rae1 Bf5
15. Qd1 Bf6 16. g4 Bd7 17. f4 exf4 18. Rxf4 Bg5 19. Rfe4 f5 20. Re7 Bxe7 21.
Rxe7 Qd8 0-1

[Event "Challenge"]
[Site "http://www.queenalice.com/game.php?id=1172148"]
[Date "2013.4.16"]
[Round "-"]
[White "sasosaso"]
[Black "Leofelix"]
[Result "1-0"]
[WhiteElo "2103"]
[BlackElo "1761"]

1. e4 e5 2. Nf3 Nc6 3. Bc4 d6 4. O-O h6 5. Nc3 Be7 6. d4 Bg4 7. h3 Bd7 8. d5 Na5
9. Bb5 Bg5 10. Nxg5 hxg5 11. b4 Bxb5 12. Nxb5 a6 13. Na3 g4 14. Qxg4 Qh4 15.
Qxg7 O-O-O 16. Bg5 Qh7 17. Qxh7 Rxh7 18. Bxd8 Kxd8 19. bxa5 f6 20. f4 1-0

[Event "Challenge"]
[Site "http://www.queenalice.com/game.php?id=1172501"]
[Date "2013.4.17"]
[Round "-"]
[White "AlekinePb"]
[Black "sasosaso"]
[Result "0-1"]
[WhiteElo "1974"]
[BlackElo "1931"]

1. d4 Nf6 2. c4 e6 3. Nf3 d5 4. Nc3 Bb4 5. Qa4+ Nc6 6. Bd2 Bd7 7. e3 Nxd4 8.
Nxd4 Bxa4 9. cxd5 e5 10. Nf5 g6 11. Ng3 Nxd5 12. Rd1 Bxd1 0-1

[Event "Challenge"]
[Site "http://www.queenalice.com/game.php?id=1175089"]
[Date "2013.4.25"]
[Round "-"]
[White "sasosaso"]
[Black "AlekinePb"]
[Result "1-0"]
[WhiteElo "1987"]
[BlackElo "1877"]

1. e4 c6 2. d4 d5 3. e5 Bf5 4. Nc3 e6 5. g4 Bg6 6. Nge2 h5 7. Nf4 h4 8. Nxg6
fxg6 9. Bd3 Ne7 10. O-O Nd7 11. Ne2 Qb6 12. b4 Qxb4 13. Nf4 O-O-O 14. Nxe6 Re8
15. Be3 h3 16. Ng5 Ng8 17. Nf7 Rh4 18. Rb1 Nxe5 19. Rxb4 1-0

[Event "Challenge"]
[Site "http://www.queenalice.com/game.php?id=1175093"]
[Date "2013.4.25"]
[Round "-"]
[White "AlekinePb"]
[Black "sasosaso"]
[Result "0-1"]
[WhiteElo "1796"]
[BlackElo "2017"]

1. d4 Nf6 2. c4 e6 3. Nf3 d5 4. Nc3 Bb4 5. Qa4+ Nc6 6. Ne5 Bd7 7. Nxc6 Bxc3+ 8.
bxc3 Bxc6 9. Qb3 O-O 10. Bg5 h6 11. Bh4 dxc4 12. Qxc4 Bd5 13. Qd3 a6 14. e4 Bxe4
15. Bxf6 Bxd3 16. Bxd8 Bxf1 17. Rxf1 Rfxd8 18. Ke2 Rd5 19. Ke3 e5 20. Rfd1 Re8
21. Kd3 exd4 22. cxd4 c5 23. Kc4 Red8 24. a4 b6 25. Rab1 Rxd4+ 26. Rxd4 Rxd4+
27. Kc3 Rxa4 28. Rxb6 Ra2 29. Kb3 Rxf2 30. Rxa6 Rxg2 31. Rc6 Rxh2 32. Rxc5 g6
33. Kc3 h5 34. Kd3 Kg7 35. Ke3 Rb2 36. Kf3 h4 37. Kg4 Rb4+ 38. Kh3 f5 39. Rc7+
Kh6 40. Rc6 Kh5 41. Rc5 Rb3+ 42. Kh2 Kg4 0-1

[Event "Challenge"]
[Site "http://www.queenalice.com/game.php?id=1175447"]
[Date "2013.4.26"]
[Round "-"]
[White "sasosaso"]
[Black "AlekinePb"]
[Result "1-0"]
[WhiteElo "1999"]
[BlackElo "1852"]

1. d4 d5 2. c4 e6 3. Nc3 Nf6 4. cxd5 exd5 5. Bg5 Be7 6. e3 c6 7. Bd3 O-O 8. Nf3
Bg4 9. Qb3 Bxf3 10. gxf3 b5 11. Rg1 Nbd7 12. a4 a6 13. Bh6 g6 14. Bxf8 Qxf8 15.
axb5 axb5 16. Rxa8 Qxa8 17. Kf1 b4 18. Na4 c5 19. dxc5 Nxc5 20. Nxc5 Bxc5 21.
Kg2 Nd7 22. Be2 Ne5 23. Rd1 1-0

[Event "Challenge"]
[Site "http://www.queenalice.com/game.php?id=1175606"]
[Date "2013.4.26"]
[Round "-"]
[White "sasosaso"]
[Black "AlekinePb"]
[Result "1-0"]
[WhiteElo "1974"]
[BlackElo "1890"]

1. Nf3 d5 2. d4 Nf6 3. c4 e6 4. Nc3 b6 5. cxd5 exd5 6. Qa4+ Bd7 7. Qb3 Be6 8.
Ng5 Be7 9. Nxe6 fxe6 10. e4 O-O 11. Be3 Ng4 12. exd5 Nxe3 13. fxe3 Bh4+ 14. g3
Qf6 15. O-O-O Bg5 16. dxe6 Bxe3+ 17. Kb1 Bxd4 18. e7+ 1-0

[Event "Challenge"]
[Site "http://www.queenalice.com/game.php?id=1176449"]
[Date "2013.4.29"]
[Round "-"]
[White "sasosaso"]
[Black "AlekinePb"]
[Result "1-0"]
[WhiteElo "2009"]
[BlackElo "1804"]

1. d4 Nf6 2. c4 e6 3. Nc3 Bb4 4. Qc2 d5 5. cxd5 Nxd5 6. Nf3 O-O 7. e4 Nf6 8. Bd3
Nc6 9. e5 Nd5 10. a3 Bxc3+ 11. bxc3 g6 12. O-O Nce7 13. Bh6 Re8 14. Rfb1 b6 15.
c4 Ba6 16. Bg5 c5 17. dxc5 bxc5 18. cxd5 Bxd3 19. Qxd3 exd5 20. Rb7 Rb8 21. Rxa7
Kg7 22. Qe3 d4 23. Qf4 Rb6 24. Bf6+ Rxf6 25. Qxf6+ Kg8 26. e6 fxe6 27. Ng5 Nf5
28. Qf7+ 1-0

[Event "Giochiamo!"]
[Site "http://www.queenalice.com/game.php?id=1192203"]
[Date "2013.6.20"]
[Round "-"]
[White "sasosaso"]
[Black "leduar"]
[Result "1-0"]
[WhiteElo "2076"]
[BlackElo "2004"]

1. c4 e5 2. Nc3 Nf6 3. Nf3 Nc6 4. g3 e4 5. Ng5 d5 6. cxd5 Nb4 7. Bg2 Nfxd5 8.
Ngxe4 Nxc3 9. bxc3 Na6 10. d4 Bf5 11. Qb3 Rb8 12. Ng5 Bg6 13. h4 Be7 14. h5 O-O
15. hxg6 Bxg5 16. gxf7+ Kh8 17. Be4 g6 18. Bxg6 c5 19. Rxh7# 1-0

[Event "Giochiamo!"]
[Site "http://www.queenalice.com/game.php?id=1192204"]
[Date "2013.6.20"]
[Round "-"]
[White "sasosaso"]
[Black "leduar"]
[Result "1-0"]
[WhiteElo "2089"]
[BlackElo "1991"]

1. Nf3 d5 2. d4 Nc6 3. c4 e6 4. Nc3 Nf6 5. e3 a6 6. Bd3 Bb4 7. O-O O-O 8. Bd2
Bxc3 9. Bxc3 Ne4 10. Bxe4 dxe4 11. Nd2 f5 12. f3 Qg5 13. Re1 b5 14. Qb3 f4 15.
exf4 Rxf4 16. Nxe4 Qg6 17. cxb5 axb5 18. Qxb5 Bd7 19. Qc4 Rxf3 20. Nc5 Na5 21.
Bxa5 Rxa5 22. Nxd7 Raf5 23. Rxe6 1-0

[Event "Giochiamo?"]
[Site "http://www.queenalice.com/game.php?id=1192523"]
[Date "2013.6.19"]
[Round "-"]
[White "sasosaso"]
[Black "rnruiz"]
[Result "1-0"]
[WhiteElo "2105"]
[BlackElo "1989"]

1. c4 e5 2. Nc3 Nf6 3. Nf3 Nc6 4. e4 Bb4 5. d3 Bxc3+ 6. bxc3 h6 7. Be2 d6 8. O-O
O-O 9. Rb1 b6 10. h3 Bb7 11. Be3 Ne7 12. c5 Ng6 13. cxd6 Qxd6 14. Rb2 c5 15. Qb3
Bc8 16. Rfb1 Be6 17. Qc2 Nh5 18. d4 cxd4 19. cxd4 exd4 20. Nxd4 Rac8 21. Qa4
Nhf4 22. Qxa7 Nxe2+ 23. Nxe2 Rb8 24. Nd4 Ne5 25. Rxb6 Rxb6 26. Rxb6 Qd7 27. Rb7
Qd6 28. Bf4 g5 29. Bg3 Bc8 30. Re7 1-0

[Event "Challenge"]
[Site "http://www.queenalice.com/game.php?id=1192525"]
[Date "2013.6.19"]
[Round "-"]
[White "Try_Me"]
[Black "sasosaso"]
[Result "0-1"]
[WhiteElo "2179"]
[BlackElo "2114"]

1. d4 Nf6 2. c4 e6 3. Nf3 Bb4+ 4. Bd2 Qe7 5. g3 Nc6 6. Bg2 Bxd2+ 7. Nbxd2 d6 8.
O-O a5 9. e4 e5 10. d5 Nb8 11. c5 O-O 12. cxd6 cxd6 13. Re1 Na6 14. Nc4 Nc5 15.
Nfd2 b5 16. Nb6 Bg4 17. f3 Qa7 18. fxg4 Nd3 19. Re3 Qxb6 20. Nf1 Nxb2 21. Qe2
Nc4 22. Kh1 Nxe3 23. Nxe3 Rac8 24. Nf5 Rc7 25. g5 Nd7 26. a3 Nc5 27. Rb1 b4 28.
axb4 axb4 29. h4 b3 30. h5 Rb8 31. h6 g6 32. Ne3 Nd7 33. Kh2 Rbc8 34. Rb2 Rc1
35. Qd2 R8c3 36. Nf1 R3c2 0-1

[Event "Challenge"]
[Site "http://www.queenalice.com/game.php?id=1192810"]
[Date "2013.6.21"]
[Round "-"]
[White "eddval"]
[Black "sasosaso"]
[Result "0-1"]
[WhiteElo "2105"]
[BlackElo "2128"]

1. e4 e6 2. d4 d5 3. Nd2 Nf6 4. e5 Nfd7 5. Bd3 c5 6. c3 Nc6 7. Ne2 cxd4 8. cxd4
f6 9. exf6 Nxf6 10. O-O Bd6 11. Nf3 O-O 12. Bg5 Qb6 13. Qd2 Kh8 14. Rac1 Ng4 15.
Bb1 e5 16. dxe5 Ncxe5 17. Nxe5 Bxe5 18. Ng3 Bd4 19. Nh1 Qd6 20. Ng3 Bxf2+ 21.
Kh1 Bd7 22. Qd3 Bf5 23. Qa3 Qxa3 24. bxa3 Bxb1 25. Rxb1 Bxg3 26. Rxf8+ Rxf8 27.
hxg3 Rf2 28. Kg1 Rxa2 29. Kf1 b6 30. Rb4 h5 31. a4 Nf2 32. Rd4 Ne4 33. Bf4 Kg8
34. Rxd5 Ra1+ 0-1

[Event "Italia"]
[Site "http://www.queenalice.com/game.php?id=1202602"]
[Date "2013.7.26"]
[Round "-"]
[White "Diadoco"]
[Black "sasosaso"]
[Result "0-1"]
[WhiteElo "2156"]
[BlackElo "2139"]

1. e4 c5 2. Nf3 d6 3. d4 cxd4 4. Nxd4 Nf6 5. Nc3 g6 6. Be3 Bg7 7. f3 O-O 8. Qd2
Nc6 9. O-O-O d5 10. exd5 Nxd5 11. Nxc6 bxc6 12. Bd4 e5 13. Bc5 Be6 14. Ne4 Re8
15. h4 Qb8 16. h5 f5 17. Ng5 e4 18. c3 e3 19. Bxe3 Nxe3 20. Qxe3 Bxa2 21. Qc5
Qf4+ 0-1

[Event "Challenge"]
[Site "http://www.queenalice.com/game.php?id=1219098"]
[Date "2013.9.23"]
[Round "-"]
[White "sasosaso"]
[Black "eddval"]
[Result "1-0"]
[WhiteElo "2164"]
[BlackElo "2233"]

1. e4 e5 2. Nf3 Nc6 3. Nc3 Nf6 4. Bb5 d6 5. d4 exd4 6. Nxd4 Bd7 7. O-O Be7 8.
Nf5 Bxf5 9. exf5 O-O 10. Re1 h6 11. Qf3 Nd4 12. Qd3 Nxb5 13. Qxb5 Rb8 14. Bf4
Re8 15. Re2 c6 16. Qd3 Bf8 17. Rae1 Qd7 18. Ne4 Nxe4 19. Rxe4 Qxf5 20. Rxe8 Rxe8
21. Rxe8 Qxf4 22. g3 Qf6 23. Qe3 b6 24. Ra8 d5 25. Qe8 Qd6 26. Rd8 Qc5 27. Rd7
Kh7 28. Qxf7 Qxc2 29. Qxf8 Qb1+ 30. Kg2 Qe4+ 31. Qf3 1-0

[Event "Challenge"]
[Site "http://www.queenalice.com/game.php?id=1223607"]
[Date "2013.10.10"]
[Round "-"]
[White "PROFILER"]
[Black "sasosaso"]
[Result "0-1"]
[WhiteElo "2337"]
[BlackElo "2178"]

1. Nc3 d5 2. e4 e6 3. Nf3 Nf6 4. e5 Nfd7 5. d4 c5 6. dxc5 Nc6 7. Bf4 Bxc5 8. Bd3
f6 9. exf6 Qxf6 10. Qd2 O-O 11. Bg3 Nde5 12. Nxe5 Nxe5 13. O-O Nxd3 14. Qxd3 Rf7
15. Na4 Bf8 16. Rae1 Bd7 17. Nc3 Bc5 18. Kh1 Qf5 19. Qxf5 Rxf5 20. f3 Bd4 21.
Rb1 Rc8 22. Ne2 Be3 23. c3 Bb5 24. Rfe1 e5 25. Rbd1 d4 26. cxd4 Rc2 27. Nc3 exd4
28. Nxb5 Rxb5 0-1

[Event "Challenge"]
[Site "http://www.queenalice.com/game.php?id=1223611"]
[Date "2013.10.10"]
[Round "-"]
[White "sasosaso"]
[Black "PROFILER"]
[Result "1-0"]
[WhiteElo "2201"]
[BlackElo "2304"]

1. c4 Nf6 2. Nc3 g6 3. e4 d6 4. d4 Bg7 5. Nf3 O-O 6. Be2 e5 7. d5 a5 8. Bg5 h6
9. Bh4 Na6 10. O-O Qe8 11. Nd2 Bd7 12. Bxf6 Bxf6 13. Bg4 Bg7 14. Bxd7 Qxd7 15.
Na4 Bf6 16. Nf3 Kg7 17. a3 b6 18. Re1 Nc5 19. Nxc5 bxc5 20. Qc2 Rfb8 21. Rab1 a4
22. Re3 Rb6 23. Rc3 Rab8 24. Re3 Rb3 25. Rxb3 Rxb3 26. Rd1 Bg5 27. Nxg5 hxg5 28.
Qe2 Qc8 29. f3 f5 30. Rd2 f4 31. h3 Qa6 32. Qf1 Qb6 33. Qc1 Qa6 34. Kh2 Qb7 35.
Qd1 Rxb2 36. Rxb2 Qxb2 37. Qxa4 Qf2 38. Qd7+ Kh6 39. Qg4 Qa2 40. Qc8 Kg7 41.
Qxc7+ Kh6 42. Qd8 Kg7 43. Qxd6 1-0

[Event "Challenge"]
[Site "http://www.queenalice.com/game.php?id=1245115"]
[Date "2014.1.3"]
[Round "-"]
[White "eddval"]
[Black "sasosaso"]
[Result "0-1"]
[WhiteElo "2249"]
[BlackElo "2187"]

1. e4 c5 2. Nf3 d6 3. d4 cxd4 4. Nxd4 Nf6 5. Nc3 a6 6. Bg5 e6 7. Qd2 h6 8. Bxf6
Qxf6 9. g3 Be7 10. O-O-O O-O 11. f4 Nc6 12. Bg2 Nxd4 13. Qxd4 e5 14. Qe3 exf4
15. gxf4 Be6 16. f5 Bc4 17. Rd4 Qe5 18. h4 d5 19. Rd2 Rfd8 20. Qf2 dxe4 21.
Rxd8+ Rxd8 22. Bxe4 Bb4 23. Qb6 Rd4 24. Qxb4 Qf4+ 25. Kb1 Bxa2+ 26. Nxa2 Rxb4
27. Bd3 Rb6 28. Nc3 Qd4 29. Ka1 a5 30. h5 a4 31. Nb5 Qe5 32. c4 a3 33. Rb1 axb2+
34. Ka2 Rxb5 35. cxb5 Qd5+ 0-1

[Event "Challenge"]
[Site "http://www.queenalice.com/game.php?id=1247739"]
[Date "2014.1.13"]
[Round "-"]
[White "Diemerlin"]
[Black "sasosaso"]
[Result "1/2-1/2"]
[WhiteElo "1935"]
[BlackElo "2195"]

1. e4 c5 2. Nc3 Nc6 3. f4 g6 4. Nf3 Bg7 5. Bb5 Nd4 6. O-O Nxb5 7. Nxb5 d6 8. d3
Nf6 9. Qe1 O-O 10. Qh4 Qd7 11. c4 a6 12. Nc3 Qg4 13. Qf2 Qd7 14. Qh4 Qg4 15. Qf2
Qd7 16. Qh4 1/2-1/2

[Event "Challenge"]
[Site "http://www.queenalice.com/game.php?id=1283704"]
[Date "2014.5.24"]
[Round "-"]
[White "sasosaso"]
[Black "eddval"]
[Result "0-1"]
[WhiteElo "2205"]
[BlackElo "2250"]

1. d4 d5 2. c4 e6 3. Nc3 Nf6 4. Bg5 Nbd7 5. e3 c6 6. cxd5 exd5 7. Bd3 Qa5 8. Nf3
Ne4 9. O-O Nxc3 10. Qd2 Bb4 11. a3 Be7 12. Bxe7 Kxe7 0-1

[Event "Challenge"]
[Site "http://www.queenalice.com/game.php?id=1283705"]
[Date "2014.5.24"]
[Round "-"]
[White "sasosaso"]
[Black "eddval"]
[Result "0-1"]
[WhiteElo "2216"]
[BlackElo "2239"]

1. c4 c5 2. Nf3 Nc6 3. Nc3 g6 4. e3 e6 5. d4 cxd4 6. exd4 d5 7. cxd5 exd5 8. Bb5
Ne7 9. O-O Bg7 10. Bg5 f6 11. Be3 Be6 12. Na4 b6 0-1